The Weeknd: >100M Streams Sudden Death - Statistics

General Stats
  • This quiz has been taken 134 times
  • The average score is 2 of 10
Answers on the Grid
Answers color-coded by a green-red scale on the quiz's grid according to % correct below.
Belong to the World
Blinding Lights
D.D.
Echoes of Silence
Heaven or Las Vegas
Kiss Land
Live For
Loft Music
Missed You
Nothing Compares
Professional
Repeat After Me
Rolling Stone
Tears in the Rain
The Birds Pt1
The Birds Pt2
The Knowing
The Zone
Until We're Skin & Bones
Valerie
 
Answer Stats
Answer % Correct
Heaven or Las Vegas
31%
Until We're Skin & Bones
31%
Echoes of Silence
25%
Tears in the Rain
25%
The Birds Pt2
25%
Rolling Stone
22%
The Knowing
22%
Professional
18%
The Birds Pt1
18%
Belong to the World
15%
No matching quizzes found
Score Distribution
Percent of People with Each Score
Percentile by Number Answered
Your Score History
You have not taken this quiz